00520nam a2200193 a 4500001001300000003000900013005001700022008004100039020001000080082001600090100002200106245003300128260004700161300000900208500003500217505003900252650001300291700002200304nice12345678IN_TiNIC20260116011551.0050524s1950 cama grp 000 0 eng  ac14700a954.91bLIA aLiaquat, Ali Khan aPakistanb the Heart of Asia aCambridgebHarvard University Press c1950 a151p aincludes index and biblioraphy2 aSelect Bibliography Table of Dates aPakistan1 aLiaquat, Ali Khan